000 00409nam a2200145 4500
003 OSt
082 _a631.3
_bAVE/SP
088 _aT 648
100 _aAveen Ragh
_97577
245 _aSpray characteristics of different npzzles used in drone applications /
260 _aTavanur :
_bDepartment of Farm Machinery & Power Engineering,
_c2025
300 _a94p.
700 _aSuman Nair (Guide)
_97578
942 _cTH
999 _c19472
_d19472